| Поле | Инд. | ПП | Название | Значение |
|---|---|---|---|---|
| Тип записи | a | |||
| Библиографический уровень | m | |||
| 001 | Контрольный номер | 3ec38341-194e-46a7-8ce6-c8ef329f180b | ||
| 005 | Дата корректировки | 20140703145133.3 | ||
| 008 | Кодируемые данные | 060626 | ||
| 020 | a | ISBN | 5-98032-952-8 | |
| c | Цена, тираж | 110.00 | ||
| 040 | a | Служба первич. каталог. | НБ ТвГУ | |
| 041 | a | Код языка текста | rus | |
| 080 | a | Индекс УДК | 657:334.012.64 | |
| 084 | a | Индекс другой классификации/Индекс ББК | У052.244 | |
| 090 | x | Авторский знак | Н74 | |
| a | Полочн. индекс | У052.2 | ||
| 100 | 1_ | a | Автор | Новодворский Владимир Дмитриевич |
| 245 | 10 | a | Заглавие | Бухгалтерский учет на малых предприятиях |
| b | Продолж. заглавия | учеб. пособие | ||
| c | Ответственность | В. Д. Новодворский, Р. Л. Сабанин | ||
| 260 | 0_ | a | Место издания | Москва |
| b | Издательство | Проспект | ||
| b | Издательство | Велби | ||
| c | Дата издания | 2005 | ||
| 300 | a | Объем | 289, [1] с. | |
| b | Иллюстрации/ тип воспроизводства | табл. | ||
| 583 | a | Действие | Получение впервые 239 21.06.2006 | |
| k | Исполнитель действия | Взамен утраченных | ||
| 650 | a | Основная рубрика | Малые предприятия | |
| x | Основная подрубрика | Бухгалтерский учет | ||
| 653 | a | Ключевые слова | Бухгалтерский учет | |
| a | Ключевые слова | Малые предприятия | ||
| a | Ключевые слова | Аудит | ||
| a | Ключевые слова | Малый бизнес | ||
| 700 | 1_ | a | Другие авторы | Сабанин Руслан Леонидович |
| e | Роль лиц | авт. | ||
| 852 | t | Порядковый номер экземпляра | 1 | |
| p | Инвентарный номер | 845196 | ||
| 863 | t | 00141925 | ||
| 888 | a | Бесплатные | ||
| 930 | a | Новая/Ретро | учебники | |
| 952 | p | 239.2006 110.00 1 845196 | ||
| c | Вид литературы | К ру | ||
| 954 | a | Дата поступления на обработку | 20060818 | |
| 999 | a | Подразделение 2 | Фил1 |